00883nam a22002657a 45000010005000000030006000050050017000110080041000280200015000690400029000840500015001130820011001281000022001392450074001612600042002353000049002774900040003265050008003665200091003745210029004655210020004946500039005146500032005537000032005857099FISKH20250623091954.0250623b cb ||||| |||| 00| 0 eng d a0307613253 aFISKHbengcFISKHdFISKH aQL767 .D66 a591.47 aDonati, Annabelle aAnimal camoufage /cBy Annabelle Donati : Illustrated by Paul Mirocha aNew York : bA Golden Book , c1995. a32 pages : bcolor illustrations ; c28 cm.  aOVer 300 Fun Facts for Curious Kids aL  aQuestions and answers relate how animals use camouflage to hide in their environments.8 a550 bLexile estimate 8 aL bRaz-Plus  aQuestions and answersvNon-fiction aWalking sticksvNon-fiction aMirocha, PauleIllustrator